Countries With Red, White and Blue Flags - Statistics

General Stats
  • This quiz has been taken 3,540 times
  • The average score is 21 of 30
Answer Stats
Continent Country % Correct
Oceania Australia
92%
Europe France
91%
North America United States
91%
Asia/Europe Russia
90%
Oceania New Zealand
89%
Europe Netherlands
86%
Europe United Kingdom
84%
South America Chile
75%
Europe Slovakia
74%
Europe Iceland
73%
Europe Norway
73%
Europe Slovenia
73%
Europe Luxembourg
72%
Central America Panama
72%
Central America Costa Rica
69%
Caribbean Cuba
69%
Oceania Fiji
69%
Asia Thailand
69%
Europe Serbia
68%
South America Paraguay
67%
Europe Croatia
66%
Europe Czech Republic
62%
Oceania Samoa
59%
Asia North Korea
57%
Caribbean Dominican Republic
55%
Asia Laos
54%
Asia Cambodia
51%
Africa Liberia
46%
Asia Taiwan
45%
Asia Nepal
42%
No matching quizzes found
Score Distribution
Percent of People with Each Score
Percentile by Number Answered
Your Score History
You have not taken this quiz